| 000 | 00469nam a2200157 4500 | ||
|---|---|---|---|
| 001 | 120135 | ||
| 003 | ES-MaACL | ||
| 005 | 20230906191455.0 | ||
| 007 | t| | ||
| 008 | 070214s1956 sp r ||||1| spa d | ||
| 100 | 1 |
_aBlanco Piñán, Salvador. _929279 |
|
| 245 | 1 | 0 |
_aNegociad mientras vuelvo _b: Pío XII y el problema social / _cpor Salvador Blanco Piñán. |
| 260 |
_aMadrid : _bFax, _c1956. |
||
| 300 |
_a246 p. ; _c17 cm. |
||
| 852 |
_aES-MaACL _jC-12124 _bR.39340 |
||
| 999 |
_c120135 _d120135 |
||